Les arrêts de tram TPG - Genève - Statistiques

Statistiques générales
  • Ce quiz a été pris 599 fois
  • Le résultat moyen est 37 sur 85
Réponses sur la Carte
Les réponses sont colorées sur une échelle allant du rouge au vert en fonction du pourcentage des utilisateurs qui les ont devinées à leur premier essai. Vous pouvez retrouver ces pourcentages ci-dessous.
 
Statistiques - réponses
Lignes Stations % Correct
14, 15, 18 Genève, gare Cornavin
87%
12, 14, 17, 18 Genève, Bel-Air
84%
12, 15, 17, 18 Genève, Plainpalais
80%
12, 17 Genève, Rive
74%
15 Genève, Nations
73%
18 Meyrin, CERN
72%
12, 18 Lancy-Bachet, gare
71%
15, 18 Grand-Lancy, Palettes
70%
12, 17 Thônex, Moillesulaz
70%
14, 15 Genève, Stand
68%
14, 18 Vernier, Balexert
67%
12, 17 Genève, Molard
66%
15, 17 Genève, Uni-Mail
65%
14 Meyrin, Gravière
65%
14, 18 Genève, Servette
64%
12, 17, 18 Genève, Place de Neuve
63%
12, 17 Genève-Eaux-Vives, gare
60%
14 Genève, Jonction
60%
14, 18 Genève, Lyon
60%
15, 17 Lancy-Pont-Rouge, gare/Étoile
59%
12, 18 Carouge, Rondeau
57%
14, 18 Genève, Coutance
57%
15, 17 Genève, Acacias
56%
15 Genève, Cirque
56%
12, 17 Genève, Terrassière
55%
12, 18 Genève, Augustins
53%
12, 18 Carouge, Marché
52%
14 Bernex,Vailly
51%
12, 18 Carouge, Armes
51%
12, 18 Genève, Blanche
51%
12, 18 Genève, Pont-d'Arve
51%
15 Plan-les-Ouates, ZIPLO
50%
14, 18 Vernier, Blandonnet
50%
14, 18 Vernier, Bouchet
48%
14 Genève, Palladium
47%
14, 18 Genève, Poterie
46%
14, 18 Vernier, Avanchet
46%
15, 17 Genève, Industrielle
44%
12, 18 Grand-Lancy, De-Staël
44%
14, 18 Genève, Vieusseux
42%
14 Petit-Lancy, Les Esserts
42%
18 Meyrin, Village
41%
12, 18 Carouge, Ancienne
40%
14 Bernex, P+R
39%
14, 18 Meyrin, Jardin-Alpin-Vivarium
39%
17 Annemasse, Parc Montessuit
38%
15 Genève, Mercier
38%
12, 17 Chêne-Bougeries, Grange-Canal
37%
12, 17 Genève, Amandolier
37%
15 Genève, Butini
37%
15 Genève, Môle
37%
15 Grand-Lancy, Lancy Piscine
37%
12, 17 Chêne-Bourg, Place Favre
35%
12, 17 Genève, Villereuse
35%
15, 17 Carouge, Pictet-Thellusson
34%
12, 17 Chêne-Bougeries, Grangettes
34%
15 Genève, Goulard
33%
14 Onex, Salle communale
33%
14 Petit-Lancy, Quidort
33%
12, 17 Thônex, Graveson
33%
15 Genève, Collège Sismondi
32%
15 Grand-Lancy, Mairie de Lancy
32%
14 Onex, Bandol
32%
14 Petit-Lancy, place
31%
14 Confignon, croisée
29%
18 Meyrin, Hôpital de La Tour
28%
12, 17 Chêne-Bougeries, Grange-Falquet
27%
15 Genève, Maison de la Paix
27%
15 Grand-Lancy, Place du 1er-Août
27%
18 Plan-les-Ouates, Trèfle-Blanc
27%
14 Meyrin, Forumeyrin
26%
12, 17 Chêne-Bourg, Peillonnex
25%
18 Grand-Lancy, Pontets
24%
14 Meyrin, Vaudagne
24%
15 Grand-Lancy, Curé-Baud
22%
15 Plan-les-Ouates, Le Rolliet
22%
14 Bernex, Luchepelet
21%
14 Confignon, La Dode
21%
18 Meyrin, Maisonnex
18%
14 Bernex, Pré-Marais
16%
18 Meyrin, Bois-du-Lan
15%
17 Ambilly, Croix-d'Ambilly
14%
17 Gaillard, Libération
14%
14 Bernex, Hainard
13%
17 Gaillard, Millet
9%
Aucun quiz correspondant
Distribution des résultats
% des personnes avec chaque résultat
Percentile par nombre de réponses
Votre historique - résultats
Vous n’avez pas pris ce quiz